000 00373cam a22001097a 4500
008 180718b1995 xxu||||| |||| 00| 0 eng d
245 _aArthavved santhita saral hindi bhavarth sahit bhag 2
_cedited by Vedmurti taponist P. Sriran Sharma Aacharya
260 _aHaridwar
_bBrahnverchas
_c1995
300 _a444p.
650 _aArthavved
700 _aAacharya, Vedmurti taponist P.
999 _c439041
_d439041